000 02544nam a2200373 a 4500
001 ebr10392771
003 CaPaEBR
006 m u
007 cr cn|||||||||
008 971113s1997 enka sb 001 0 eng
010 _z 97062135
020 _z9780761953661
020 _z0761953663 (bound)
020 _z0761953671 (pbk.)
020 _z9780857026163 (e-book)
040 _aCaPaEBR
_cCaPaEBR
035 _a(OCoLC)646068332
050 1 4 _aJF1351
_b.P855 1997eb
082 0 4 _a352.3/67
_221
245 0 0 _aPublic sector reform
_h[electronic resource] :
_brationale, trends and problems /
_cedited by Jan-Erik Lane.
260 _aLondon ;
_aThousand Oaks, Calif. :
_bSage Publications,
_c1997.
300 _aviii, 312 p. :
_bill.
504 _aIncludes bibliographical references and index.
505 0 0 _tIntroduction : public sector reform : only deregulation, privatization and marketization? /
_rJan-Erik Lane --
_tNew public sector models : reform in Australia and New Zealand /
_rJohn Halligan --
_tThe bewildering pace of public sector reform in Canada /
_rEvert A. Lindquist --
_tThe privatization of infrastructures in Germany /
_rIra Denkhaus and Volker Schneider --
_tRebuilding the state : public sector reform in Central and Eastern Europe /
_rJoachim Jens Hesse --
_tFarewell to the British state? /
_rMichael J. Goldsmith and Edward C. Page --
_tAnglo-Saxon public management and European governance : the case of Dutch administrative reforms /
_rWalter J.M. Kickert --
_tPublic sector reform in the Nordic countries /
_rJan-Erik Lane --
_tPublic sector reform in France /
_rThierry Postif --
_tLocal government in Britain after Thatcher /
_rGerry Stoker --
_tFiscal and financial decentralization : a comparative analysis of six West European countries /
_rBernard Steunenberg and Nico Mol --
_tSearching for competitiveness : the role of the Spanish public sector in the 1980s and 1990s /
_rCarles Boix --
_tIncorporation as public sector reform /
_rJan-Erik Lane --
_tConclusion /
_rJan-Erik Lane.
533 _aElectronic reproduction.
_bPalo Alto, Calif. :
_cebrary,
_d2013.
_nAvailable via World Wide Web.
_nAccess may be limited to ebrary affiliated libraries.
650 0 _aPublic administration.
650 0 _aPrivatization.
650 0 _aDeregulation.
650 0 _aEconomic policy.
655 7 _aElectronic books.
_2local
700 1 _aLane, Jan-Erik.
710 2 _aebrary, Inc.
856 4 0 _uhttp://site.ebrary.com/lib/rucke/Doc?id=10392771
_zAn electronic book accessible through the World Wide Web; click to view
999 _c89032
_d89032